Estatísticas para Escalação do Flamengo na Final da Copa Libertadores da América de 2022

Clique aqui para jogar o quiz

Estatísticas Gerais

  • Esse quiz foi jogado 163 vezes
  • A pontuação média é 12 de 15

Estatísticas das Respostas

SituaçãoPosiçãoNúmeroPaísJogador% Correto
TitularMeia14UruguaiDe Arrascaeta
99%
TitularAtacante9BrasilGabigol
98%
TitularGoleiro20BrasilSantos
95%
TitularMeia7BrasilÉverton Ribeiro
94%
TitularAtacante21BrasilPedro
93%
TitularLateral16BrasilFilipe Luís
91%
TitularZagueiro23BrasilDavid Luiz
88%
TitularZagueiro4BrasilLeo Pereira
83%
ReservaVolante5ChileArturo Vidal
82%
TitularVolante8BrasilThiago Maia
82%
ReservaLateral26BrasilAyrton Lucas
80%
TitularVolante35BrasilJoão Gomes
80%
TitularLateral22BrasilRodinei
75%
ReservaAtacante18BrasilEverton Cebolinha
54%
ReservaMeia29BrasilVictor Hugo
52%

Distribuição das Pontuações

Percentil de Números Respondidos

Porcentagem de Pessoas com Cada Pontuação

Sua Pontuação Histórica

Você não jogou esse quiz